| 000 -LEADER |
| fixed length control field |
00802pab a2200181 454500 |
| 008 - FIXED-LENGTH DATA ELEMENTS--GENERAL INFORMATION |
| fixed length control field |
180718b1997 xxu||||| |||| 00| 0 eng d |
| 100 ## - MAIN ENTRY--PERSONAL NAME |
| Personal name |
Acharya, Poromesh |
| 245 ## - TITLE STATEMENT |
| Title |
Educational ideals of Tagore and Gandhi: a comparative study |
| 260 ## - PUBLICATION, DISTRIBUTION, ETC. |
| Date of publication, distribution, etc. |
1997 |
| 300 ## - PHYSICAL DESCRIPTION |
| Extent |
p.601-06 |
| 362 ## - DATES OF PUBLICATION AND/OR SEQUENTIAL DESIGNATION |
| Dates of publication and/or sequential designation |
22-28 Mar |
| 520 ## - SUMMARY, ETC. |
| Summary, etc. |
The fundamental difference in their attitude to life gets reflected in the educational writtings of Gandhi and Tagore. If Tagore's artistic bent of mind prompted him to conceive of leisure as the core of meaningful life, Gandhi's value of manual labour made emphasise work as the fruitful way of harnessing energies. - Reproduced |
| 650 ## - SUBJECT ADDED ENTRY--TOPICAL TERM |
| Topical term or geographic name entry element |
Tagore on education |
| 650 ## - SUBJECT ADDED ENTRY--TOPICAL TERM |
| Topical term or geographic name entry element |
Gandhi on education |
| 650 ## - SUBJECT ADDED ENTRY--TOPICAL TERM |
| Topical term or geographic name entry element |
Education |
| 773 ## - HOST ITEM ENTRY |
| Main entry heading |
Economic and Political Weekly |
| 909 ## - |
| -- |
33481 |